Hybrid Antenna-Amplifier: a Concept of High-Power Microwave Source and First Results of Its Exploration; 13 International symposium on high current electronics

Détails bibliographiques
Parent link:13 International symposium on high current electronics.— 2004.— [P. 224-227]
Autres auteurs: Shlapakovski A. S., Vintizenko I. I. Igor Igorevich, Petrov A. V., Schamiloglu E.
Résumé:Title from the title-page.
The concept of a hybrid antennaamplifier device, that is a combination of a surface wave antenna with a relativistic Cherenkov amplifier, is set out. The key feature of the device providing its potential for a compact controllable highpower microwave source is that a rod antenna feed waveguide serves, at the same time, as a hollow cathode holder of a diode producing a relativistic electron beam. This is possible if a beam is generated using a compact module of a linear induction accelerator (LIA). The results obtained in the scope of exploration of this concept are reported. This includes the linear theory, 1-D nonlinear multimode theory, design of the LIA module, initial results of the 3-D simulations using the MAGIC code, and first results of model experiments on annular beam transport with a rod antenna inside.
Режим доступа: из корпоративной сети ТПУ
Text files
Langue:anglais
Publié: 2004
Collection:High power microwaves
Sujets:
Accès en ligne:http://www.lib.tpu.ru/fulltext2/c/2004/C13/007.pdf
Format: Électronique Chapitre de livre
KOHA link:https://koha.lib.tpu.ru/cgi-bin/koha/opac-detail.pl?biblionumber=231672

MARC

LEADER 00000nla2a2200000 4500
001 231672
005 20231229095334.0
035 |a (RuTPU)RU\TPU\book\252695 
035 |a RU\TPU\book\252692 
090 |a 231672 
100 |a 20130205d2004 k y0engy50 ba 
101 0 |a eng 
102 |a RU 
105 |a y z 100zy 
135 |a drnn ---uucaa 
200 1 |a Hybrid Antenna-Amplifier: a Concept of High-Power Microwave Source and First Results of Its Exploration  |f A. S. Shlapakovski [et al.] 
203 |a Text  |c electronic 
225 1 |a High power microwaves 
300 |a Title from the title-page. 
320 |a [References: p. 227 (6 tit.)] 
330 |a The concept of a hybrid antennaamplifier device, that is a combination of a surface wave antenna with a relativistic Cherenkov amplifier, is set out. The key feature of the device providing its potential for a compact controllable highpower microwave source is that a rod antenna feed waveguide serves, at the same time, as a hollow cathode holder of a diode producing a relativistic electron beam. This is possible if a beam is generated using a compact module of a linear induction accelerator (LIA). The results obtained in the scope of exploration of this concept are reported. This includes the linear theory, 1-D nonlinear multimode theory, design of the LIA module, initial results of the 3-D simulations using the MAGIC code, and first results of model experiments on annular beam transport with a rod antenna inside. 
333 |a Режим доступа: из корпоративной сети ТПУ 
336 |a Text files 
337 |a Adobe Reader 
463 1 |0 (RuTPU)RU\TPU\book\75459  |t 13 International symposium on high current electronics  |o Tomsk, Russia, 25-29 July 2004  |f edited by B. Kovalchuk, G. Remnev  |v [P. 224-227]  |d 2004  |p 1 Multimedia CD-ROM 
610 1 |a сильноточная электроника 
610 1 |a гибридные антенны-усилители 
610 1 |a СВЧ 
610 1 |a концепция 
610 1 |a результаты исследований 
610 1 |a труды учёных ТПУ 
610 1 |a электронный ресурс 
701 1 |a Shlapakovski  |b A. S. 
701 1 |a Vintizenko  |b I. I.  |c physicist  |c Head of laboratory of Tomsk Polytechnic University, doctor of physico-mathematical Sciences  |f 1960-  |g Igor Igorevich  |3 (RuTPU)RU\TPU\pers\33094  |9 16926 
701 1 |a Petrov  |b A. V. 
701 1 |a Schamiloglu  |b E. 
801 1 |a RU  |b 63413507  |c 20120118 
801 2 |a RU  |b 63413507  |c 20161229  |g RCR 
856 4 |u http://www.lib.tpu.ru/fulltext2/c/2004/C13/007.pdf 
942 |c CF